Knižnica na import jazyka Petriflow v jazyku Java
Saved in:
| Main Author: | |
|---|---|
| Other Authors: | |
| Format: | Manuscript Book |
| Language: | Slovak |
| Published: |
Bratislava :
STU v Bratislave FEI,
2023
|
| Subjects: | |
| Online Access: | https://opac.crzp.sk/?fn=detailBiblioFormChildSTEGL&sid=08878EB2E7E37CD0989176C0752B&seo=CRZP-detail-kniha |
| Tags: |
No Tags, Be the first to tag this record!
|
MARC
| LEADER | 00000ntm a22000003a 4500 | ||
|---|---|---|---|
| 001 | stuzp92232 | ||
| 003 | SK-STU | ||
| 005 | 20241121142356.8 | ||
| 007 | ta | ||
| 008 | 150427s2015----xo-----f-mn---000-0-slo-d | ||
| 040 | |a STU |b slo | ||
| 041 | 0 | |a slo | |
| 044 | |a xo | ||
| 100 | 1 | |a Téglašiová, Michaela |u 031000 |4 aut |U FEI Fakulta elektrotechniky a informatiky |T FEI Ústav robotiky a kybernetiky |X 112014 |U E011 |Y 356 |7 112014 | |
| 242 | 0 | 1 | |a Library for Import Petriflow Language in Java |y eng |
| 245 | 1 | 0 | |a Knižnica na import jazyka Petriflow v jazyku Java |
| 260 | |a Bratislava : |b STU v Bratislave FEI, |c 2023 | ||
| 300 | |a 45 s. | ||
| 650 | 4 | |a Petriho siete |2 slo | |
| 650 | 4 | |a importér |2 slo | |
| 650 | 4 | |a exportér |2 slo | |
| 650 | 4 | |a Java |2 slo | |
| 650 | 4 | |a Maven |2 slo | |
| 650 | 4 | |a Petriflow |2 slo | |
| 650 | 4 | |a Petri Nets |2 eng | |
| 650 | 4 | |a Petriflow |2 eng | |
| 650 | 4 | |a Java |2 eng | |
| 650 | 4 | |a Maven |2 eng | |
| 650 | 4 | |a importer |2 eng | |
| 650 | 4 | |a exporter |2 eng | |
| 700 | 1 | |a Kováčik, Tomáš |4 ths |X 79990 |7 79990 | |
| 856 | 4 | |u https://opac.crzp.sk/?fn=detailBiblioFormChildSTEGL&sid=08878EB2E7E37CD0989176C0752B&seo=CRZP-detail-kniha | |